=LDR 00000nam 2200000 4500 =001 NUTBA000000000003776 =005 20140827085047.0 =006 =007 =008 =020 ##$$a 978-979-20-057-3 =035 ##$$0010-081400000000621 =040 ##$$a NBPDMAT =082 ##$$a 641.302 =084 ##$$a 641.302 Nur a =090 ##$$a 641.302 Nur a =100 ##$$a Nurheti Yuliarti =245 ##$$a Awas ! Bahaya dibalik Lezatnya Makanan / $c Nurheti Yuliarti =250 ##$$a Cet. 1 =260 ##$$a Yogyakarta : $b Andi, $c 2009 =300 ##$$a xi 214 hlm. ; $c 21 cm. =650 ##$$a makanan dan kesehatan =990 ##$$a 21409372 =990 ##$$a 0001/BPAP-NTB/20142014 =990 ##$$a 0001/BPAP-NTB/20142014 =990 ##$$a 0001/BPAP-NTB/20142014 =990 ##$$a 0001/BPAP-NTB/20142014 =990 ##$$a 0001/BPAP-NTB/20142014 =990 ##$$a 0001/BPAP-NTB/20142015 =990 ##$$a 0001/BPAP-NTB/20142015 =990 ##$$a 0001/BPAP-NTB/2015 =990 ##$$a 0001/BPAP-NTB/2015